MARKET MAKERS HOW RETAILERS ARE RESHAPIN (Record no. 28320)

MARC details
000 -LEADER
fixed length control field 00347nam a2200133Ia 4500
008 - FIXED-LENGTH DATA ELEMENTS--GENERAL INFORMATION
fixed length control field 240624s9999 xx 000 0 und d
041 ## - LANGUAGE CODE
Language code of text/sound track or separate title eng
082 ## - DEWEY DECIMAL CLASSIFICATION NUMBER
Classification number 381 HAM
100 ## - MAIN ENTRY--PERSONAL NAME
Personal name HAMILTON GARY G
245 ## - TITLE STATEMENT
Title MARKET MAKERS HOW RETAILERS ARE RESHAPIN
260 ## - PUBLICATION, DISTRIBUTION, ETC.
Date of publication, distribution, etc. 2012
Place of publication, distribution, etc. New Delhi
Name of publisher, distributor, etc. Oxford
300 ## - PHYSICAL DESCRIPTION
Extent xv, : 364 : p. : cm. ; 22
365 ## - TRADE PRICE
Currency code BPS
Price amount 38
Holdings
Withdrawn status Lost status Damaged status Not for loan Home library Current library Shelving location Date acquired Source of acquisition Cost, normal purchase price Full call number Barcode Date last seen Copy number Price effective from Koha item type
        IMTN IMTN Rack 16-B 12/19/2016 BKI 29.49 381 HAM 28320 06/24/2024 88.9 06/24/2024 Books
Designed & Maintained by: LRC IMT Nagpur Contact: lrc@imtnag.ac.in© 2024. All Rights Reserved.